Statystyki dla Piłkarze AC Milan'u

Kliknij tutaj aby rozwiązać quiz!

Ogólne statystyki

  • Ten quiz został rozwiązany 201 razy
    (83 od ostatniego zresetowania)
  • Średni wynik to 16 z 26

Statystyki odpowiedzi

PiłkarzNarodowośćPozycja% Poprawnych
Oliver GiroudFrancjaNapastnik
92%
Rafael LeãoPortugaliaNapastnik
92%
Mike MaignanFrancjaBramkarz
90%
Fikayo TomoriAngliaObrońca
89%
Christian PulisicUSANapastnik
87%
Theo HernándezFrancjaObrońca
87%
Malick ThiawNiemcyObrońca
78%
Luka JovićSerbiaNapastnik
76%
Simon KjaerDaniaObrońca
76%
Ismaël BennacerAlgeriaPomocnik
75%
Ruben Loftus-CheekAngliaPomocnik
75%
Davide CalabriaWłochyObrońca
73%
Noah OkaforSzwajcariaNapastnik
71%
Pierre KaluluFrancjaObrońca
68%
Samuel ChukwuezeNigeriaNapastnik
63%
Yunus MusahUSAPomocnik
59%
Alessandro FlorenziWłochyObrońca
57%
Yacine AdliFrancjaPomocnik
56%
Antonio MiranteWłochyBramkarz
46%
Matteo GabbiaWłochyObrońca
46%
Tijjani ReijndersHolandiaPomocnik
44%
Marco SportielloWłochyBramkarz
41%
Tommaso PobegaWłochyPomocnik
37%
Mattia CaldaraWłochyObrońca
24%
Filippo TerraccianoWłochyObrońca
16%
Lapo NavaKolumbiaBramkarz
11%

Rozkład punktacji

Percentyl według liczby udzielonych odpowiedzi

Procent ludzi z każdym wynikiem

Twoja historia wyników

Nie rozwiązałeś tego quizu od ostatniego zresetowania